Bharatiya samajar parichai (Record no. 8365)

MARC details
000 -LEADER
fixed length control field 00490cam a2200205ua 4500
001 - CONTROL NUMBER
control field 9308
005 - DATE AND TIME OF LATEST TRANSACTION
control field 20260515114442.0
008 - FIXED-LENGTH DATA ELEMENTS--GENERAL INFORMATION
fixed length control field 150302n ii |||gr||||Z||||||asm
020 ## - INTERNATIONAL STANDARD BOOK NUMBER
International Standard Book Number 8173391769
040 ## - CATALOGING SOURCE
Transcribing agency MAIN
041 ## - LANGUAGE CODE
Language code of text/sound track or separate title asm
082 ## - DEWEY DECIMAL CLASSIFICATION NUMBER
Classification number 301.954
100 ## - MAIN ENTRY--PERSONAL NAME
Personal name Nath, G.,
Relator term Author.
245 1# - TITLE STATEMENT
Title Bharatiya samajar parichai
Statement of responsibility, etc. By Gunamani Nath
250 ## - EDITION STATEMENT
Edition statement 7th rev.
260 ## - PUBLICATION, DISTRIBUTION, ETC.
Place of publication, distribution, etc. Dibrugarh:
Name of publisher, distributor, etc. Banalata,
Date of publication, distribution, etc. 2007.
300 ## - PHYSICAL DESCRIPTION
Extent 174p.
653 ## - INDEX TERM--UNCONTROLLED
Uncontrolled term Sociology & anthropology
942 ## - ADDED ENTRY ELEMENTS (KOHA)
Koha item type Books
Holdings
Withdrawn status Lost status Damaged status Not for loan Home library Current library Shelving location Date acquired Total checkouts Full call number Barcode Date last seen Date last checked out Copy number Price effective from Koha item type
        Naharkatiya College Library Naharkatiya College Library General stacks 09/19/2020 2 301.954 | NAT 19015 03/07/2024 02/26/2024 1 09/19/2020 Books